Almanac de la dona / dirigit per Mireia Bofill i Maria Lluïsa Penelas
Descripción Física:
239 p. : il. ; 25 cm
MARC
| LEADER | 00000nam a2200000Ia 4500 | ||
|---|---|---|---|
| 001 | 9583 | ||
| 008 | 160829s1991 xx 000 0 cat d | ||
| 080 | |a M-3-73 | ||
| 245 | |a Almanac de la dona / dirigit per Mireia Bofill i Maria Lluïsa Penelas | ||
| 260 | |a Barcelona : |b Edicions 62, |c 1991 | ||
| 300 | |a 239 p. : |b il. ; |c 25 cm | ||
| 650 | |a Almanacs catalans |9 32912 | ||
| 650 | |a Dones en la literatura |9 32913 | ||
| 650 | |a Dones |x Condicions socials |9 44109 | ||
| 700 | 1 | |a Bofill, Mireia |9 32915 | |
| 700 | |a Penelas, Maria Lluïsa, dir. |9 32916 | ||
| 901 | |a Arxiu | ||
| 942 | |n 1 | ||
| 952 | |0 0 |1 0 |4 0 |6 M373 |7 1 |9 46143 |a Arxiu |b Arxiu |d 2016-12-01 |l 0 |o M-3-73 |p 9583 |r 2016-12-01 00:00:00 |w 2016-12-01 |y ARXIU | ||
| 999 | |c 49645 |d 49645 | ||